[Event "Zagreb zt"]
[Site "Zagreb"]
[Date "1993.??.??"]
[Round "7"]
[White "Kozul, Zdenko"]
[Black "Psakhis, Lev"]
[Result "1-0"]
[WhiteElo "2550"]
[BlackElo "2575"]
[Annotator "Ftacnik,L"]
[PlyCount "79"]
[EventDate "1993.03.??"]
[EventType "tourn"]
[EventRounds "13"]
[EventCountry "CRO"]
[EventCategory "11"]
[SourceTitle "CBM 035"]
[Source "ChessBase"]
[SourceDate "1993.08.01"]
[SourceVersion "1"]
[SourceVersionDate "1993.08.01"]
[SourceQuality "1"]

1. d4 d5 2. c4 dxc4 3. Nf3 Nf6 4. e3 e6 5. Bxc4 c5 6. O-O a6 7. Qe2 b5 8. Bd3
cxd4 9. exd4 Nc6 10. a4 bxa4 11. Rxa4 Nb4 (11... Be7 12. Bxa6 O-O 13. Rd1 Qb6
14. Bb5 Rxa4 15. Bxa4 Ba6 16. Qe1 {0,5/Vincze,I-Kallai,G/Kobanya op (5)/1991/})
12. Bb5+ $5 (12. Bc4 Be7 13. Bd2 (13. Bg5 a5 14. Bb5+ Bd7 15. Ne5 O-O 16. Rxb4
axb4 17. Bxd7 Nxd7 18. Nc6 Bxg5 19. Nxd8 Rfxd8 20. Qb5 Be7 21. Nd2 Nf6 22. Nf3
Rdb8 23. Qe2 Rc8 24. Ne5 $14 {Portisch,L-Seirawan,Y/Dubai ol/1986/}) 13... Nfd5
14. Ne5 O-O 15. Ra3 f6 16. Ng4 Nc6 17. Rd3 Rb8 18. Bc1 Na5 19. Ba2 f5 20. Ne5
Nb4 21. Rh3 Qe8 22. Bd2 Nxa2 23. Bxa5 Nb4 24. Nc3 $13 {Lau,R-Vladimirov,E/
Rotterdam EU-CUP f/1988/}) 12... Bd7 13. Bxd7+ Qxd7 14. Nc3 Be7 (14... Rc8 15.
Bg5 Rxc3 16. bxc3 Qxa4 17. cxb4 $40) 15. Bg5 O-O (15... Qb7 16. Bxf6 Bxf6 17.
Ne4 Be7 18. Nc5 $14) 16. Bxf6 $1 gxf6 17. Ra5 Kh8 18. Rh5 Rg8 19. Re1 Rg7 20.
d5 $6 (20. g3 $14) 20... Nxd5 21. Nxd5 exd5 22. g3 (22. Qxe7 $2 Qg4 $19) 22...
Bb4 23. Rd1 Qe6 24. Qd3 Rd8 25. Qb3 (25. Rxd5 Rxd5 26. Qxd5 Qxd5 27. Rxd5 Rg4
$14) 25... a5 26. Rd4 (26. Rhxd5 Rxd5 27. Rxd5 Rg8 $14) 26... Qe2 (26... Rg4
27. Qd3 Re4 28. Rdxd5 Rxd5 29. Rxd5 Kg7 30. Kg2 $14) 27. Kg2 Rc8 28. Qxd5 Qxb2
(28... Rc2 $2 29. Qd8+ Rg8 30. Qxf6+ Rg7 31. Rd8+ $18) 29. Qf5 Qc3 30. Rdh4 Qc2
31. Qxf6 (31. Rxh7+ Rxh7 32. Rxh7+ Kg8 33. Qh3 Qxh7 34. Qxc8+ Kg7 35. Nh4 Qe4+
$13) 31... Kg8 32. Nd4 $1 Qg6 (32... Qc3 33. Rg5 Rxg5 34. Qxg5+ Kf8 35. Qh6+
Ke8 36. Re4+ $18) 33. Qf3 Qa6 (33... Be7 34. Re4 Bf6 35. Nf5 $18) 34. Nf5 Rc1 (
34... Rg6 35. Rxh7 $18) 35. Kh3 Rg1 (35... Qf1+ 36. Qg2 Qxg2+ 37. Kxg2 Rg6 38.
Rxh7 Kf8 39. Rd4 Kg8 40. Rh5 Rc8 $140 41. Rxb4 axb4 42. Ne7+ $18) 36. Re4 Qc8 (
36... Qf1+ 37. Kh4 Bf8 38. Nh6+ Kh8 39. Nxf7+ Rxf7 40. Qxf7 $18) 37. Rg4 Bf8 (
37... Rg6 38. Nh6+ Kh8 39. Nxf7+ Kg7 40. Ng5 $18) 38. Rxg7+ Bxg7 39. Qg4 Qc3
40. Rg5 1-0

[Event "Belgrade Investbank"]
[Site "Belgrade"]
[Date "1995.??.??"]
[Round "1"]
[White "Lautier, Joel"]
[Black "Ivanchuk, Vassily"]
[Result "1/2-1/2"]
[WhiteElo "2645"]
[BlackElo "2740"]
[Annotator "Ftacnik,L"]
[PlyCount "49"]
[EventDate "1995.11.??"]
[EventType "tourn"]
[EventRounds "11"]
[EventCountry "YUG"]
[EventCategory "17"]
[SourceTitle "CBM 051"]
[Source "ChessBase"]
[SourceDate "1996.04.01"]
[SourceVersion "1"]
[SourceVersionDate "1996.04.01"]
[SourceQuality "1"]

1. d4 d5 2. c4 dxc4 3. Nf3 a6 4. e3 e6 5. Bxc4 c5 6. Qe2 b5 7. Bd3 cxd4 8. exd4
Nf6 9. O-O Be7 10. Bg5 Bb7 11. a4 bxa4 12. Nc3 Nc6 13. Rxa4 O-O 14. Ne4 (14.
Rd1 Nd5 (14... a5 15. Ne5 Nb4 16. Bb1 Nfd5 17. Bd2 f5 18. Ra3 Bf6 19. Na4 Ba6
20. Qe1 Re8 21. Nc5 Bb5 22. Rh3 Bxe5 23. Qxe5 Nc6 24. Qe1 Nxd4 25. Be3 Ne2+ 26.
Kh1 Qe7 {0-1 Damljanovic,B-Rublevsky,S/Moscow olm (09)/1994 (55)}) 15. Nxd5
Qxd5 16. Bxe7 Nxe7 17. Rda1 Nf5 18. Qe5 Qb3 19. Bxf5 exf5 20. Qxf5 Bxf3 21.
Qxf3 Qxb2 22. d5 {0-1 Granda Zuniga,J-Rublevsky,S/Oviedo 45' (07)/1992 (37)})
14... Nxe4 (14... Nd5 15. Nc5 Bxg5 16. Nxb7 Qe7 17. Bxh7+ Kxh7 18. Qc2+ Kh6 19.
Nxg5 Kxg5 20. Qxc6 Rfc8 21. Qd6 Qxb7 22. Qe5+ Kg6 23. Ra3 Kh7 24. Qh5+ Kg8 25.
Rh3 Kf8 26. Qh8+ Ke7 27. Qxg7 Rg8 {0-1 Iclicki,W-Davidovic,A/London Haringey/
1988}) 15. Qxe4 g6 16. Qh4 Re8 {The only unusual feature is the location of
the Ra4.} (16... a5 17. Re1 Re8 18. d5 $5 (18. Bxe7 Rxe7 19. Ng5 h5 20. Ne4 Rc7
$15) 18... Qxd5 19. Rf4 Qxd3 20. Rxf7) 17. Re1 Rc8 18. d5 (18. Bxa6 Bxa6 19.
Bxe7 (19. Rxa6 Nxd4 $1) 19... Nxe7 20. Rxa6 Nf5 $132) 18... Qxd5 (18... exd5 $5
{It remains a mystery to me, what idea was prepared after this capture.} 19.
Raa1 (19. Rf4 h5) 19... Bxg5 20. Rxe8+ Qxe8 21. Nxg5 h5 $17) 19. Rf4 Qxd3 (
19... Ne5 20. Bxe7 Nxd3 21. Rxf7 Qh5 22. Qf6 Qh6 23. Qxe6 $18) (19... Bxg5 $2
20. Nxg5 h5 21. Nxf7 Qxd3 22. Qf6 Kh7 23. Qg5 $18) 20. Rxf7 {At a cost of a
piece white has achieved a dangerous attacking position.} h5 (20... Kxf7 $2 21.
Qxh7+ Kf8 22. Bh6#) 21. Bxe7 Kxf7 (21... Rxe7 22. Rxe7 Nxe7 23. Qxe7 Qd5 24. b4
$16) 22. Qf6+ Kg8 23. Qxe6+ Kg7 $8 (23... Kh7 $2 24. Qf7+ Kh6 25. Bg5#) (23...
Kh8 $2 24. Bf6+ Kh7 25. Qf7+ Kh6 26. Qg7#) 24. Qf6+ (24. Bf6+ $2 Kf8 $1 $19)
24... Kg8 (24... Kh6 25. Qf4+ $10) 25. Qe6+ 1/2-1/2

[Event "Terrassa"]
[Site "Terrassa"]
[Date "1990.??.??"]
[Round "8"]
[White "Nogueiras Santiago, Jesus"]
[Black "Magem Badals, Jordi"]
[Result "1-0"]
[WhiteElo "2555"]
[BlackElo "2460"]
[Annotator "Ftacnik,L"]
[PlyCount "117"]
[EventDate "1990.04.??"]
[EventType "tourn"]
[EventRounds "11"]
[EventCountry "ESP"]
[EventCategory "11"]
[SourceTitle "CBM 019"]
[Source "ChessBase"]
[SourceDate "1990.12.01"]
[SourceVersion "1"]
[SourceVersionDate "1990.12.01"]
[SourceQuality "1"]

1. d4 d5 2. c4 dxc4 3. Nf3 Nf6 4. e3 e6 5. Bxc4 c5 6. Qe2 a6 7. dxc5 Bxc5 8.
O-O Qc7 9. Nbd2 Nc6 10. a3 Bd7 $6 {N} (10... Bd6 11. b4 Ne5 (11... Ng4 12. h3
Nge5 13. Bb2 O-O 14. Rac1 Bd7 15. Rfd1 Rfd8 16. Ne4 Nxc4 17. Qxc4 Be7 $10 {
Nogueiras,J-Karpov,A/Belfort WCup/1988/ ->CBM 08}) 12. Bb2 b5 13. Bb3 (13. Ba2
Bb7 14. Bxe5 Bxe5 15. Rac1 Qb8 16. Nxe5 Qxe5 17. Nb3 Bd5 18. Nd4 Ng4 19. Qxg4
Bxa2 20. Nc6 $36 {Ruban,V-Marjanovic,S/Belgrade GMA-op/1988/ ->CBM 10}) 13...
Bb7 14. Rac1 Qb8 15. Nxe5 Bxe5 16. Bxe5 Qxe5 17. Nf3 Qb8 18. Nd4 $14 {Lalic,
B-Marjanovic,S/Sarajevo/1988/ ->CBM 08}) 11. b4 Bd6 12. Bb2 Ne5 (12... Ng4 $22
13. h3 Nge5 14. Rac1 O-O) 13. Rac1 Qb8 (13... Nxc4 14. Nxc4 Bb5 15. Rfd1 Be7
16. a4 $14) 14. Nxe5 Bxe5 15. Bxe5 Qxe5 16. Nf3 Qb8 17. Qb2 $1 O-O (17... Bc6
18. Ne5 Bd5 19. Bxd5 Nxd5 20. Rfd1 $16) 18. Ne5 Ba4 19. Be2 Rd8 20. Bf3 Nd5 21.
h3 Qd6 (21... f6 22. Nc4 {x e6}) 22. Nc4 Qc7 (22... Qe7 $2 23. Bxd5 exd5 24.
Nb6 Bb5 25. Rfd1 $18) 23. Na5 Qe7 24. Rfe1 e5 25. Be4 $1 (25. Nc4 e4) 25...
Rab8 26. Bc2 Bxc2 (26... Be8 27. Bb3 $14) 27. Rxc2 e4 28. Rd2 Nf6 29. Red1 Rdc8
(29... Rxd2 30. Qxd2) 30. Rd4 (30. Rd6 $5 Rc7 31. Qd4 h6 32. Qb6) 30... h6 31.
Nc4 Qe6 32. Nd6 Rc7 33. Qb1 Re7 34. Qc2 (34. b5 $5) 34... g6 35. a4 Kh7 36. a5
Kg7 37. Qb2 Kg8 38. b5 axb5 39. Nxb5 Qe5 (39... Ne8 40. Nc3) 40. Qb4 Kg7 41.
Nd6 Ra8 (41... Kh7 42. a6 $18) 42. Nxb7 Rxb7 43. Qxb7 Rxa5 44. Qb2 $18 Rb5 45.
Qa1 h5 (45... Ra5 46. Ra4) 46. Ra4 h4 47. Qxe5 Rxe5 48. Rdd4 Re7 49. Kf1 Re6
50. Ke2 g5 51. Ra5 Kg6 52. Rb4 Rc6 53. Rbb5 Nh7 54. Rb2 Nf8 55. Rab5 Rc1 56.
R5b4 Rg1 57. Rxe4 Rxg2 58. Kf1 Rh2 59. Kg1 {Ftacnik,L} 1-0

[Event "Sochi-B"]
[Site "Sochi"]
[Date "1989.??.??"]
[Round "?"]
[White "Yakovich, Yuri"]
[Black "Kallai, Gabor"]
[Result "1/2-1/2"]
[WhiteElo "2450"]
[BlackElo "2405"]
[Annotator "Ftacnik,L"]
[PlyCount "41"]
[EventDate "1989.10.??"]
[EventType "tourn"]
[EventRounds "11"]
[EventCountry "URS"]
[EventCategory "7"]
[SourceTitle "CBM 016"]
[Source "ChessBase"]
[SourceDate "1990.06.01"]
[SourceVersion "1"]
[SourceVersionDate "1990.06.01"]
[SourceQuality "1"]

1. d4 d5 2. c4 dxc4 3. e3 Nf6 4. Bxc4 e6 5. Nf3 c5 6. Qe2 Nc6 7. O-O a6 8. dxc5
Bxc5 9. e4 b5 10. e5 (10. Bb3 $5 e5 11. Be3 $1 Qb6 12. Nc3 Bxe3 13. fxe3 $16 {
Nogueiras,J-Spraggett,K/Szirak/1986/0-1/43/}) 10... bxc4 11. exf6 Qd3 (11...
gxf6 12. Qxc4 Qb6 13. Nc3 Qb4 14. Qe2 Be7 15. h3 Bb7 $13 {Furman-Sueitin/
URS-ch/1960}) 12. fxg7 Rg8 13. Qxd3 cxd3 14. Bh6 Nd4 15. Nxd4 Bxd4 16. Nc3 Rb8
17. Rad1 Rxb2 18. Rxd3 Bxg7 19. Rfd1 (19. Bxg7 Rxg7 20. Rfd1 Ke7 $10) 19... Bf6
20. Ne4 Be7 21. Nd6+ {Ftacnik} 1/2-1/2

[Event "ISR-chT"]
[Site "Israel"]
[Date "1999.04.09"]
[Round "7"]
[White "Gelfand, Boris"]
[Black "Milov, Vadim"]
[Result "1-0"]
[WhiteElo "2691"]
[BlackElo "2533"]
[Annotator "Gelfand,B"]
[PlyCount "81"]
[EventDate "1999.01.??"]
[EventType "team"]
[EventRounds "11"]
[EventCountry "ISR"]
[SourceTitle "CBM 071"]
[Source "ChessBase"]
[SourceDate "1999.08.01"]
[SourceVersion "1"]
[SourceVersionDate "1999.08.01"]
[SourceQuality "1"]

1. d4 d5 2. c4 dxc4 3. Nf3 a6 4. e3 e6 5. Bxc4 c5 6. O-O Nf6 7. Bb3 Nc6 8. Nc3
b5 9. Qe2 Be7 10. Rd1 (10. dxc5) 10... Qc7 11. d5 $146 (11. dxc5) 11... exd5
12. Nxd5 (12. e4 $6 dxe4 (12... d4 13. e5) (12... Bg4 13. e5 Bxf3 (13... Nxe5
14. Qxe5 Qxe5 15. Nxe5 Bxd1 16. Bxd1 $13) 14. Qxf3 Nxe5 15. Qg3) 13. Nxe4 O-O
14. Nfg5 (14. Bg5 c4 15. Bc2 Ng4) 14... Bf5 $17) 12... Nxd5 13. Bxd5 O-O 14. b3
Be6 $2 (14... Bg4 $1 15. Bb2 Rad8 $11) (14... Bf6 15. Bb2) 15. Bxe6 fxe6 16.
Bb2 (16. Ba3 $5) 16... Rad8 17. Nd2 Ne5 18. Bc3 Rd5 (18... Ng6 $5 19. Qg4 (19.
a4 Qc6 20. axb5 axb5 21. Ra7 Ra8) 19... Qc6 20. Qe4 Rd5 $14) 19. a4 b4 (19...
Rfd8 20. axb5 axb5 21. Ba5) (19... Qb7 20. axb5 axb5 21. e4 Rd4 22. Bxd4 cxd4
$16) (19... Bd6 20. axb5 axb5 21. e4 Nd3 22. g3 Rxf2 23. Qg4) 20. Bxe5 Qxe5 21.
Rab1 $1 (21. Nc4 Qc3 22. Rab1 (22. Qg4 Rxd1+ 23. Rxd1 Qxb3 24. Qxe6+ Kh8) 22...
Rfd8 $132) 21... Rfd8 22. Nc4 Qc3 (22... Qe4 23. f3) 23. Rdc1 Qf6 24. g3 (24.
f4 Qg6 25. Ne5 Qe4 26. Qf3 $14) 24... Qg6 25. Rd1 Bf6 26. Rbc1 h5 $2 (26... Bc3
27. e4 Rd4 28. Rxd4 Bxd4 29. Kg2 Rf8 30. Rf1) (26... Rd3 $1 27. Rxd3 $140 Qxd3
28. Qxd3 Rxd3 29. Rb1 Kf7 30. Kf1 Rc3 $14) 27. Na5 Bc3 28. Nb7 $1 (28. Nc6 R8d7
29. Rxd5 exd5 30. Qxa6 Kh7) 28... Rd2 29. Rxd2 Rxd2 30. Qxa6 c4 (30... Qf7 31.
Rf1 c4 32. Nd6 Rxd6 33. Qxd6 cxb3 34. a5 $18) 31. Qxc4 Qf7 32. Qc8+ Kh7 33. Rf1
h4 (33... Qf3 34. Nc5) 34. Nc5 Rd6 (34... Qf5 35. Nxe6) 35. Ne4 Rd5 36. gxh4
Bf6 (36... Qg6+ 37. Ng5+ (37. Ng3) 37... Rxg5+ 38. hxg5 Qxg5+ 39. Kh1 Qd5+ 40.
f3 Qxb3 $16) 37. Qc4 Bxh4 38. Ng3 Bxg3 39. Qe4+ Kg8 40. hxg3 Qd7 41. Qxb4 1-0

[Event "Madrid"]
[Site "Madrid"]
[Date "1996.05.09"]
[Round "2"]
[White "Gelfand, Boris"]
[Black "Salov, Valery"]
[Result "1-0"]
[WhiteElo "2700"]
[BlackElo "2670"]
[Annotator "Gelfand,B"]
[PlyCount "65"]
[EventDate "1996.05.08"]
[EventType "tourn"]
[EventRounds "9"]
[EventCountry "ESP"]
[EventCategory "17"]
[SourceTitle "CBM 053"]
[Source "ChessBase"]
[SourceDate "1996.08.01"]
[SourceVersion "1"]
[SourceVersionDate "1996.08.01"]
[SourceQuality "1"]

1. d4 {Ftacnik HarZvi Bologan Hansen,LB} d5 2. c4 dxc4 3. Nf3 a6 4. e3 Nf6 5.
Bxc4 e6 6. Qe2 {Hansen,LB: The Furman-variation 6.Qe2 is very popular at the
moment.} c5 (6... b5 $5 {Hansen,LB}) 7. dxc5 Bxc5 8. O-O Nc6 (8... Qc7 {
Hansen,LB} 9. e4 Ng4 10. e5 $1 Nxf2 11. Nc3 $1 {Hansen,LB: The fantastic
invention by Ivan Sokolov.} Ne4+ (11... b5 12. Bb3 Ne4+ 13. Kh1 Nxc3 14. bxc3
h6 15. Nd4 Qe7 16. Qg4 $36 {Sokolov,I-Georgiev,K/Tilburg/1994/}) 12. Kh1 Nxc3
13. bxc3 Be7 14. Ng5 Bxg5 15. Bxg5 Nc6 16. Qh5 h6 17. Rad1 Rf8 18. Bh4 Bd7 19.
Rd6 Nxe5 20. Qxe5 Qxc4 21. Rfd1 Qxh4 22. Rxd7 Rc8 23. Rxb7 {1-0/Sokolov,
I-Brenninkmeijer,J/NLD-ch/1995/}) 9. e4 (9. a3 {Har Zvi} Bd6 10. Nbd2 O-O 11.
Bd3 b5 12. Ne4 Nxe4 13. Bxe4 Bb7 14. Rd1 f5 (14... Qe7 15. b4 f5 16. Bxc6 Bxc6
17. Bb2 Bd5 $10 {Polgar,Zsu-Anand,V Monaco Rapid 1993}) 15. Bb1 Qc7 $13 {
Topalov,V-Lautier,J Amsterdam 1996}) 9... Ng4 $6 (9... b5) 10. e5 {Bologan:
From now starts an almost forced line in which White is obliged to sacrify his
pawn on "e5". But as I looked in my database Black is the suffering part in
all these complications.} (10. Bf4 {Ftacnik} e5 (10... Qf6 11. Bg3 Nge5 12.
Nxe5 Nxe5 13. Bb3 O-O 14. Nc3 Bd4 15. Rae1 b5 16. Kh1 Bb7 17. f4 Nc4 18. e5 {
1/2-1/2 Dao Thien Hai-Volzhin,A/Budapest FS03 GM (11)/1996/}) 11. Bd2 (11. Bg5
Qd6 12. h3 h6 13. Bh4 Nf6 14. Rd1 Qe7 15. Nc3 g5 16. Nd5 Nxd5 17. exd5 Na5 18.
Bg3 f6 19. Bd3 Bd6 20. Nd4 h5 21. Nf5 Bxf5 22. Bxf5 {1-0 Illescas Cordoba,M-De
la Villa Garcia,J/Leon (05)/1992/ (36)}) 11... O-O 12. h3 Nf6 13. Nc3 Be6 14.
Bg5 h6 15. Rad1 Nd4 16. Nxd4 Bxd4 17. Bh4 (17. Be3 $10) 17... Rc8 18. Nd5 g5
19. Bg3 Nxd5 20. exd5 Bxd5 21. Bd3 Qf6 22. Bb1 Rfe8 {0-1 Fedorowicz,J-Chandler,
M/London Lloyds (09)/1987/ (47)}) 10... Nd4 $6 (10... Qc7) 11. Nxd4 Qxd4 12.
Nd2 $1 Nxe5 {This pawn snatch is known to be extremely dangerous for Black.} (
12... b5 13. Bd3 Nxe5 14. Nb3 $16 (14. Be4 Rb8 15. Nb3 Qb4 16. Bf4 (16. Bd2 {
Har Zvi} Qc4 17. Qxc4 Nxc4) 16... f6 (16... Bd6 {Har Zvi} 17. Bxe5 Bxe5 18.
Bc6+) 17. Bxe5 fxe5 18. Qh5+ Kf8 19. Qf3+ Ke7 20. a3 {1-0 Kallai,G-Gyimesi,Z/
ch HUN 1995})) 13. Nb3 Qxc4 14. Qxe5 Bf8 15. Be3 (15. Rd1 $5 f6 16. Qg3 e5 17.
f4 Bc5+ 18. Nxc5 Qxc5+ 19. Be3 Qe7 20. Rac1 $18 {Vera,R-Perez,Cuba ch 1993})
15... Qd5 $146 {Bologan: The idea is very simple just to swap up the queens
from the board, what would be of course unconvinient for white.} (15... f6 16.
Qh5+ g6 17. Qf3 Be7 18. Rac1 Qd5 19. Qxd5 exd5 20. Rfe1 $16 {Lerner,K-Sorokin,
M,Moscow op,1992}) (15... Bd7 16. Rfd1 Bc6 17. Nd4 $1 $16 (17. Na5 Qb5 18. Nxc6
bxc6 19. Qg3)) (15... f6 $5 {Bologan}) (15... Bd7 {Har Zvi}) 16. Qg3 (16. Qxd5
{Ftacnik} exd5 17. Rac1 Bd6 $15) 16... Bd6 $5 17. f4 $1 {Har Zvi: A brilliant
move, since taking on g7 is not good [ 17.Qxg7 Qe5 ],this move is taking the
important e5 square from black,black can not castle now and Rad1 is threatened
now} (17. Qxg7 Qe5 (17... Be5 {Salov} 18. Qh6 (18. Qg4 Bxb2 19. Rad1 $36) 18...
Rg8 19. f3) (17... Be5 {Har Zvi}) 18. Qh6 (18. Qxe5 {Ftacnik} Bxe5 19. Bd4 Bxd4
20. Nxd4 Bd7 $10) 18... Rg8 19. Rad1 Bd7 $132) 17... Qe4 (17... O-O 18. Rfd1
Qc6 19. Rac1 $18 Qd7 20. Nc5 (20. Qf2 Qe7 21. Rxd6 Qxd6 22. Bc5 Qd3 23. Bxf8
Kxf8 24. Qc5+ Ke8 25. Qe5 $44) 20... Qe7 21. Ne4 Bb8 22. Qf2 (22. Bc5 Ba7 23.
Bxa7 Rxa7 24. f5 exf5 25. Qb8 Be6 (25... fxe4 26. Rxc8 $18) 26. Qxa7 fxe4 $14)
(22. Kh1 $1 {Har Zvi} Ba7 23. f5 $1 exf5 (23... Bxe3 24. f6) 24. Bh6 g6 (24...
f6 25. Rc7) 25. Qc3 $1 f6 26. Bxf8) (22. Bd4 {Ftacnik} f5 23. Bc5 Ba7 24. Bxa7
Rxa7 25. Nd6 Ra8 $10) 22... b6 (22... Rd8 23. Rxd8+ Qxd8 24. Bb6 Qe8 25. Rd1
Bd7 26. Nc5 $18) (22... Qb4 23. Bc5 Qxe4 24. Bxf8 Bxf4 (24... Qxf4 25. Qxf4
Bxf4 26. Rd8 $18) 25. Rd4 $18) 23. Bxb6 Ba7 24. Nd6 $16) 18. Rad1 Be7 19. f5 $1
{Bologan: Keeping the blacks position under pressure.} (19. Bd4 Qg6 20. Qxg6
hxg6 21. Bxg7 Rh5 $10) 19... exf5 (19... Qh4 20. fxe6 (20. Qc7 $5) 20... Qxg3
21. exf7+ Kf8 22. hxg3 $16) (19... Bh4 20. Qh3 $16 (20. Qxg7 Qxe3+ 21. Kh1 Rf8
22. f6 Bd7 $13) (20. Qh3 {Ftacnik} Be7 21. Nc5 $40)) (19... O-O {Hansen,LB} 20.
f6 Bxf6 21. Rxf6 $18) (19... Bf6 20. Bd4 $1 e5 21. Rde1 Qc6 22. Rxe5+ $1 {
Har Zvi: when black's position seems unpleasent}) 20. Rfe1 $1 (20. Qxg7 Qxe3+
21. Kh1 Rf8 22. Rfe1 Qb6) 20... Qg4 (20... Be6 21. Qxg7 Rf8 $16) (20... Bh4 $2
{Ftacnik} 21. Bg5 $18) (20... O-O {Ftacnik} 21. Bd4 $18) 21. Qc7 Be6 22. Rd4 (
22. Qxb7 Qe4) (22. Nc5 Rc8 (22... Rd8 $1) 23. Nxe6 Rxc7 24. Nxc7+ Kf8 25. Rd8+
Bxd8 26. Bc5+ Be7 27. Rxe7 g6 28. Re4+ Kg7 29. Bd4+ f6 30. Rxg4 fxg4 31. Nd5
Rf8 32. Kf2 Kf7 $13) 22... Qg6 (22... f4 23. Bxf4) 23. Qxb7 Rc8 (23... Rd8 24.
Rxd8+ Bxd8 25. Qc6+ (25. Bc5 $18 {Ftacnik}) 25... Ke7 26. Qxa6 $18) 24. Bf4 {
Har Zvi: another move which seems to be very strong is 24.Rc1 but 24.Bf4 is
enough} (24. Rc1 $5 Rd8 (24... Rxc1+ 25. Nxc1) 25. Rxd8+ Bxd8 26. Qc6+ Ke7 27.
Qxa6 $18) 24... Kf8 $2 (24... Qf6 25. Be5 (25. Bd6 $1 {Har Zvi} Kf8 26. Rxe6 $1
Qxe6 27. Bxe7+ Kg8 28. Qxc8+ $1 Qxc8 29. Rd8+ Qxd8 30. Bxd8 f6 31. Nc5 Kf7 32.
Bc7 $1 Ra8 33. b4 $18) 25... Qg5 26. h4 $16) (24... h5 {Ftacnik} 25. Bd6 Qf6
26. Rd5 Rd8 27. Rxf5 $18) 25. Rd7 $1 {Har Zvi: [#] winning immediately,it is
not possible to play for a long time without a rook while your opponent
attacks with all his pieces} Bxd7 (25... Re8 26. Rxe7 Rxe7 27. Bd6 $18 (27.
Qb8+ {Har Zvi} Re8 28. Bd6+)) 26. Qxd7 Qb6+ (26... Re8 {Har Zvi} 27. Rxe7 Rxe7
28. Qd8+ Re8 29. Bd6+) 27. Kh1 Re8 (27... Qd8 28. Rxe7 Qxd7 (28... Qxe7 29.
Qxc8+ Qe8 30. Bd6+ $18) 29. Rxd7 $18 (29. Rxd7 {Ftacnik} h5 30. h4 $18)) 28.
Rxe7 $1 Rxe7 29. Bd6 Qxd6 (29... h5 {Hansen,LB} 30. Qc8+ $18) (29... Kg8 {
Hansen,LB} 30. Qc8+ $18) (29... Qe3 {Ftacnik} 30. Qd8#) 30. Qxd6 h5 31. Nd4 (
31. Nc5 f6) 31... Rh6 32. Qc5 Rf6 33. Kg1 (33. Nxf5 $4 {Hansen,LB} Rxf5 $1 34.
Qxf5 Re1+ $19) (33. Nc6 $4 {Ftacnik} Rxc6 $1) 1-0

[Event "St Petersburg op"]
[Site "St Petersburg"]
[Date "1994.??.??"]
[Round "4"]
[White "Begunov, Konstantin"]
[Black "Ibragimov, Ildar"]
[Result "0-1"]
[WhiteElo "2325"]
[BlackElo "2525"]
[Annotator "Hecht,H"]
[PlyCount "120"]
[EventDate "1994.02.??"]
[EventType "swiss"]
[EventRounds "9"]
[EventCountry "RUS"]
[SourceTitle "CBM 041"]
[Source "ChessBase"]
[SourceDate "1994.08.01"]
[SourceVersion "1"]
[SourceVersionDate "1994.08.01"]
[SourceQuality "1"]

1. d4 d5 2. c4 dxc4 3. Nf3 Nf6 4. e3 e6 5. Bxc4 c5 6. O-O a6 7. Qe2 b5 8. Bd3
cxd4 9. exd4 Be7 10. Nc3 Bb7 11. Bf4 Nc6 12. Rad1 Nb4 13. Bb1 Nbd5 14. Be5 Nxc3
15. bxc3 Rc8 16. a4 Nd5 17. Rc1 Nxc3 18. Qd3 Be4 19. Qe3 Bxb1 20. Rxc3 Rxc3 21.
Qxc3 Be4 22. axb5 axb5 23. Bxg7 Rg8 24. Be5 b4 25. Qe3 Qd5 26. Bg3 Bxf3 27.
gxf3 h5 28. Kh1 h4 29. Be5 f6 30. Bf4 Qf5 31. Qe4 Qxe4 32. fxe4 Rg4 33. Be3
Rxe4 34. Kg2 f5 35. h3 Kd7 36. Kf3 e5 37. Rd1 exd4 38. Bxd4 Ke6 39. Bb2 Bf6 40.
Bxf6 Kxf6 41. Rd5 (41. Rb1 Ke5 42. Kg2 Kd5 43. f3 Rd4 44. Kf2 f4 45. Ke2 Kc4
46. Rc1+ Kb3 47. Rc8 Ka2 48. Ra8+ Kb1 49. Rh8 b3 50. Rxh4 b2 51. Rh8 Kc2 52.
Rc8+ Kb3 53. Rb8+ Rb4 $19) 41... Re5 42. Rd6+ Re6 43. Rd4 Rb6 44. Rxh4 Kg5 45.
Rh8 b3 46. Rg8+ Kf6 47. Rg1 b2 48. Rb1 Kg5 49. h4+ Kh5 (49... Kxh4 50. Kf4 Kh3
51. Kxf5 Kg2 52. f4 Kf3 53. Ke5 $10) 50. Kf4 Rb5 51. f3 Kh6 {Dreiecksmanöver
mit nachfolgendem Zugzwang!} 52. Ke3 Kg6 53. Kf4 Kh5 54. Kg3 Rb4 55. Kf2 Kxh4
56. Ke3 Kg3 57. Rg1+ Kh2 58. Rb1 Kg2 59. f4 Rb3+ 60. Kd2 Kg3 0-1